000 00276nam a22000977a 4500
008 150114b xxu||||| |||| 00| 0 eng d
020 _a9781561836956
245 _aFinancial Fitness for Life : Student workbook Grade 6-8
_cBarbara Flowers
300 _a154 p.
942 _2lcc
_cBK
999 _c276975
_d276975